Podstatné zmeny na trhu práce. 2

Okruhy, na ktoré bude treba zamerať transformačné kroky v systéme zamestnanosti v SR. Vývoj ekonomických ukazovateľov týkajúcich sa zamestnanosti v r. 1990-1996.

Salvato in:
Dettagli Bibliografici
Autore principale: Rievajová, Eva
Natura: Capitolo di libro
Lingua:slovacco
Soggetti:
Tags: Aggiungi Tag
Nessun Tag, puoi essere il primo ad aggiungerne!!

MARC

LEADER 00000naa a2200000 4500
001 r026741
005 20230824090153.8
041 0 |a slo 
044 |a SK 
245 1 0 |a Podstatné zmeny na trhu práce. 2  |c Eva Rievajová 
520 |a Okruhy, na ktoré bude treba zamerať transformačné kroky v systéme zamestnanosti v SR. Vývoj ekonomických ukazovateľov týkajúcich sa zamestnanosti v r. 1990-1996. 
610 2 0 |a Slovensko 
610 2 0 |a 1990-1996 
610 2 0 |a trh práce 
610 2 0 |a zamestnanosť 
100 1 |a Rievajová, Eva